000
00322nam a22001457a 4500
008
210527b ||||| |||| 00| 0 eng d
020
_a
0835945502
041
_a
eng
080
_2
2nd
_a
574
082
_a
574
100
_a
9
101
_a
MJE
245
_a
Modern Agricultural Management
_c
Osburn,D.D
942
_2
udc
_c
BK
999
_c
57743
_d
57743